Directory of corporate name changes /

Bibliographic Details
Main Author: Jarrell, Howard R.
Format: Book
Language:English
Published: Metuchen, N.J. : Scarecrow Press, 1993.
Subjects:

MARC

Tag First Indicator Second Indicator Subfields
LEADER 00000cam a2200000 a 4500
001 in00001237663
005 20151003071835.0
008 930819s1993 nju r 000 0 eng
010 |a  93034327  
015 |a GB94-24117 
019 |a 30157693 
020 |a 0810827611 (acid-free paper) 
035 |a (OCoLC)28799674 
035 |9 AGT5277AM 
040 |a DLC  |c DLC  |d UKM  |d TXA  |d UtOrBLW 
043 |a n-us--- 
049 |a TXAM 
050 0 0 |a HG4057  |b .A2864 1993 
082 0 0 |a 338.7/025/73  |2 20 
100 1 |a Jarrell, Howard R. 
245 1 0 |a Directory of corporate name changes /  |c by Howard R. Jarrell. 
264 1 |a Metuchen, N.J. :  |b Scarecrow Press,  |c 1993. 
300 |a vii, 346 pages ;  |c 29 cm. 
336 |a text  |b txt  |2 rdacontent 
337 |a unmediated  |b n  |2 rdamedia 
338 |a volume  |b nc  |2 rdacarrier 
650 0 |a Corporations  |z United States  |v Directories. 
650 0 |a Industries  |z United States  |v Directories. 
651 4 |a Industries  |x United States  |x Directories. 
653 0 |a Business 
653 0 |a United States 
999 |a MARS 
999 f f |s 2b137580-f9ca-3508-a5bf-9114cbc64aa1  |i 8daff7b2-e63f-3a5a-ae50-eb849bfc2477  |t 0 
952 f f |p ric  |a Texas A&M University  |b Rellis Campus  |c Joint Library Facility  |d Remote Storage  |t 0  |e HG4057 .A2864 1993  |h Library of Congress classification  |i unmediated -- volume  |m A14819522723 
998 f f |a HG4057 .A2864 1993  |t 0  |l Remote Storage